000 00282nam a2200121Ia 4500
008 190216s9999||||xx |||||||||||||| ||und||
100 _aAmbasht R S
245 0 _aText Book Of Plant Ecology
260 _bStudent Friends &co
_c1969
300 _a212p
650 _aBotany
942 _cBK
999 _c1195
_d1195